000 00383nam a2200157Ia 4500
008 221030s9999 xx 000 0 und d
020 _a8120320581
041 _aEnglish
100 _aR. A. Gayakwad
245 0 _aOp - Amps & Linear Integrated Circuits
_cby R. A. Gayakwad
250 _a4th
260 _bPHI
_aNew Delhi
_c2014
300 _a543
650 _aBB ECE
942 _cBK
999 _c15328
_d15328